[Event "2015 British Chess Championships: Championship"]
[Site "University of Warwick, Coventry, Warwickshire"]
[Date "2015.08.01"]
[Round "6"]
[Board "21"]
[White "Edge, John"]
[Black "Scott, Gordon W"]
[Result "0-1"]
[WhiteElo "2080"]
[BlackElo "2101"]
[PlyCount "62"]
[EventDate "2015.07.27"]
[EventRounds "11"]
[EventCountry "ENG"]

1. e4 e6 2. Nf3 d5 3. Nc3 d4 4. Ne2 c5 5. c3 Nf6 6. Ng3 Nc6 7. Bc4 Bd6 8. Qe2
Qc7 9. cxd4 Nxd4 10. Nxd4 cxd4 11. b3 O-O 12. Bb2 e5 13. Nh5 Nxh5 14. Qxh5 Be6
15. Qe2 Rac8 16. Bxe6 fxe6 17. O-O Qc2 18. Rab1 Kh8 19. h3 Bb4 20. Rfd1 d3 21.
Qg4 Bxd2 22. Bxe5 Bh6 23. Bd4 d2 24. Qh5 Qxb1 25. Rxb1 Rc1+ 26. Kh2 Bf4+ 27. g3
Rxb1 28. Bxg7+ Kxg7 29. gxf4 d1=Q 30. Qe5+ Kf7 31. Qc7+ Kg8 0-1

[Event "2015 British Chess Championships: Championship"]
[Site "University of Warwick, Coventry, Warwickshire"]
[Date "2015.08.01"]
[Round "6"]
[Board "22"]
[White "Coleman, David J"]
[Black "Myall, Ivan J"]
[Result "1-0"]
[WhiteElo "2231"]
[BlackElo "2048"]
[PlyCount "67"]
[EventDate "2015.07.27"]
[EventRounds "11"]
[EventCountry "ENG"]

1. e4 e5 2. Nf3 Nc6 3. d4 exd4 4. Bc4 Nf6 5. e5 d5 6. Bb5 Ne4 7. Nxd4 Bd7 8.
Bxc6 bxc6 9. O-O Bc5 10. f3 Ng5 11. f4 Ne4 12. Be3 Bb6 13. Nd2 Nxd2 14. Qxd2 c5
15. Nf3 d4 16. Bf2 Bc6 17. Bh4 Qd5 18. f5 Kd7 19. b3 Kc8 20. a4 a5 21. Rad1 Qe4
22. Rde1 Qg4 23. h3 Qxf5 24. Ng5 Qg6 25. Nxf7 Re8 26. e6 Qh5 27. Bg3 Qg6 28.
Kh2 Kb7 29. e7 h6 30. Ne5 Qh5 31. Qd3 Rxe7 32. Nxc6 Rxe1 33. Rxe1 Re8 34. Ne5
 1-0

[Event "2015 British Chess Championships: Championship"]
[Site "University of Warwick, Coventry, Warwickshire"]
[Date "2015.08.01"]
[Round "6"]
[Board "23"]
[White "Chevannes, Sabrina L"]
[Black "Paterson, Andrew I"]
[Result "1-0"]
[WhiteElo "2228"]
[BlackElo "2039"]
[PlyCount "167"]
[EventDate "2015.07.27"]
[EventRounds "11"]
[EventCountry "ENG"]

1. d4 Nf6 2. Nf3 g6 3. g3 Bg7 4. Bg2 O-O 5. O-O d6 6. c4 Nc6 7. Nc3 Bg4 8. d5
Na5 9. Qd3 c5 10. h3 Bd7 11. e4 Ne8 12. Bf4 e5 13. dxe6 Bxe6 14. b3 Nc6 15.
Rad1 Qa5 16. Rc1 Rd8 17. Rfd1 a6 18. a4 Qb6 19. Rb1 Kh8 20. Nd5 Bxd5 21. cxd5
Nd4 22. Nxd4 Bxd4 23. b4 Qc7 24. bxc5 Bxc5 25. Rb3 Kg8 26. Rc1 Qe7 27. h4 Ng7
28. Qc3 Rc8 29. Qb2 Rc7 30. Kh2 b6 31. Be3 Bxe3 32. Rxe3 Rfc8 33. Rec3 Ne8 34.
Rc6 Rxc6 35. dxc6 Qc7 36. Bh3 Rb8 37. Bd7 b5 38. axb5 Rxb5 39. Qd4 Ng7 40. Rd1
Ne6 41. Bxe6 fxe6 42. Qf6 Re5 43. Rb1 Rb5 44. Qxe6+ Kf8 45. Qf6+ Kg8 46. Rd1
Qf7 47. Rxd6 Qxf6 48. Rxf6 Rc5 49. Rd6 a5 50. Rd5 Rc2 51. Kg2 a4 52. Ra5 Rxc6
53. Rxa4 h5 54. Ra7 Rc3 55. e5 Kf8 56. e6 Rc6 57. e7+ Kf7 58. Kf3 Rc4 59. Ke3
Rb4 60. f3 Rb3+ 61. Kf4 Rb4+ 62. Kg5 Rb5+ 63. Kh6 Rb3 64. e8=Q+ Kxe8 65. Rg7
Rxf3 66. Rxg6 Kf7 67. Kxh5 Rb3 68. Kh6 Rb8 69. h5 Rh8+ 70. Kg5 Ra8 71. Rf6+ Kg7
72. h6+ Kh7 73. Rf7+ Kg8 74. Kg6 Kh8 75. g4 Rb8 76. g5 Ra8 77. Rh7+ Kg8 78.
Rg7+ Kh8 79. Re7 Rg8+ 80. Kf6 Ra8 81. Rd7 Rb8 82. g6 Re8 83. Kf7 Rf8+ 84. Ke7
 1-0

[Event "2015 British Chess Championships: Championship"]
[Site "University of Warwick, Coventry, Warwickshire"]
[Date "2015.08.01"]
[Round "6"]
[Board "24"]
[White "Kalavannan, Koby"]
[Black "Okhai, Shabir"]
[Result "1/2-1/2"]
[WhiteElo "2178"]
[BlackElo "1994"]
[PlyCount "184"]
[EventDate "2015.07.27"]
[EventRounds "11"]
[EventCountry "ENG"]

1. d4 d5 2. Nf3 Nf6 3. c4 e6 4. g3 Be7 5. Bg2 O-O 6. O-O b6 7. Ne5 Bb7 8. Nc3
Nbd7 9. Qa4 c6 10. Rd1 Nxe5 11. dxe5 Nd7 12. cxd5 cxd5 13. e4 Nc5 14. Qc2 d4
15. Be3 dxe3 16. Rxd8 exf2+ 17. Qxf2 Raxd8 18. Qe2 Bg5 19. Rd1 Rxd1+ 20. Qxd1
Rd8 21. Qg4 Be3+ 22. Kh1 Rd2 23. h4 Nd3 24. Qf3 Bc5 25. Qf1 Nf2+ 26. Kh2 Ng4+
27. Kh3 Ne3 28. Qb5 Nxg2 29. Qe8+ Bf8 30. Nd5 Bxd5 31. exd5 Rxd5 32. Kxg2 Rd2+
33. Kf3 Rxb2 34. a4 Rb4 35. Qd7 a6 36. g4 g6 37. Kg3 h6 38. Qe8 Re4 39. Qc6
Rxe5 40. Qxb6 a5 41. Kf4 Rd5 42. Qc6 h5 43. g5 Rf5+ 44. Kg3 Bb4 45. Qa8+ Kh7
46. Qe4 Bd6+ 47. Kg2 Rf4 48. Qc6 Bb4 49. Qc7 Rf5 50. Qb8 Be1 51. Kh3 Bf2 52.
Qb7 Rf4 53. Qc7 Rf3+ 54. Kg2 Rf5 55. Kh3 Bd4 56. Qd7 Be5 57. Qe8 Kg7 58. Qa8
Bd4 59. Qd8 Bc3 60. Qc7 Bb4 61. Qb8 e5 62. Qe8 Kh7 63. Kg2 Bc3 64. Qc8 Be1 65.
Kh3 Rf4 66. Qc7 Rf3+ 67. Kg2 Rf2+ 68. Kh3 e4 69. Qe5 Rf3+ 70. Kg2 Bxh4 71. Qxa5
Rg3+ 72. Kh2 Rxg5 73. Qb4 Bg3+ 74. Kh3 Be5 75. Qe1 Bc7 76. Qe3 Kh6 77. Kh4 f6
78. Qa3 Rg4+ 79. Kh3 Be5 80. a5 Rg1 81. Qe3+ Rg5 82. a6 Bb8 83. Kh4 Kg7 84. a7
Rg4+ 85. Kh3 Bxa7 86. Qxa7+ Kh6 87. Qf7 Rf4 88. Qf8+ Kg5 89. Qc5+ Rf5 90. Qe3+
Rf4 91. Qc5+ Kh6 92. Qf8+ Kg5 1/2-1/2

[Event "2015 British Chess Championships: Championship"]
[Site "University of Warwick, Coventry, Warwickshire"]
[Date "2015.08.01"]
[Round "6"]
[Board "25"]
[White "Mckenna, Jason P"]
[Black "Ashworth, Michael"]
[Result "1-0"]
[WhiteElo "2175"]
[BlackElo "1912"]
[PlyCount "75"]
[EventDate "2015.07.27"]
[EventRounds "11"]
[EventCountry "ENG"]

1. e4 g6 2. d4 Bg7 3. Nf3 d6 4. Nc3 a6 5. Be3 Nd7 6. Qd2 b5 7. Bd3 Bb7 8. h3 e6
9. a4 b4 10. Ne2 a5 11. O-O Ngf6 12. Ng3 O-O 13. Bh6 c5 14. Bxg7 Kxg7 15. c3
Rc8 16. cxb4 cxb4 17. Rfe1 Nb6 18. h4 Nc4 19. Qe2 Nb6 20. Red1 Rc7 21. b3 Qa8
22. h5 Rfc8 23. Rab1 Rc3 24. Re1 Nbd7 25. Qd2 d5 26. e5 Ne4 27. Bxe4 dxe4 28.
h6+ Kg8 29. Ng5 e3 30. Rxe3 Bxg2 31. Rxc3 Rxc3 32. Qf4 f5 33. exf6 Bd5 34. f7+
Kh8 35. Qd6 Qd8 36. Qxd7 Rc8 37. f8=Q+ Qxf8 38. Qxh7# 1-0

[Event "2015 British Chess Championships: Championship"]
[Site "University of Warwick, Coventry, Warwickshire"]
[Date "2015.08.01"]
[Round "6"]
[Board "26"]
[White "Graham, David B"]
[Black "Grieve, Harry"]
[Result "1/2-1/2"]
[WhiteElo "2162"]
[BlackElo "1899"]
[PlyCount "101"]
[EventDate "2015.07.27"]
[EventRounds "11"]
[EventCountry "ENG"]

1. e4 c5 2. Nc3 Nc6 3. f4 g6 4. Nf3 Bg7 5. Bc4 e6 6. f5 Nge7 7. fxe6 dxe6 8. d3
Na5 9. Bb3 Nxb3 10. axb3 Nc6 11. O-O O-O 12. Bg5 Qc7 13. Qd2 Nd4 14. Bf4 Nxf3+
15. Rxf3 Be5 16. Nb5 Qb8 17. Bh6 Re8 18. Raf1 f5 19. Bf4 Bd7 20. Nc3 Bxf4 21.
Rxf4 Qe5 22. R4f2 Kg7 23. Re1 Qd6 24. Rfe2 b6 25. Qg5 Bc6 26. exf5 exf5 27.
Re7+ Kg8 28. Qh4 Qd4+ 29. Qxd4 cxd4 30. Rxe8+ Rxe8 31. Rxe8+ Bxe8 32. Ne2 Kg7
33. Nxd4 Kf6 34. b4 g5 35. Kf2 f4 36. b5 g4 37. Nc6 a6 38. Nd4 Ke5 39. c3 Bxb5
40. Nxb5 axb5 41. b4 h5 42. Ke2 Kd5 43. Ke1 Ke5 44. d4+ Ke4 45. Ke2 f3+ 46.
gxf3+ gxf3+ 47. Kd2 h4 48. Kd1 Ke3 49. Ke1 Kf4 50. Kf1 Kf5 51. Kf2 1/2-1/2

[Event "2015 British Chess Championships: Championship"]
[Site "University of Warwick, Coventry, Warwickshire"]
[Date "2015.08.01"]
[Round "6"]
[Board "27"]
[White "Eagleton, Greg T"]
[Black "Hackner, Oskar A"]
[Result "1/2-1/2"]
[WhiteElo "1994"]
[BlackElo "2162"]
[PlyCount "80"]
[EventDate "2015.07.27"]
[EventRounds "11"]
[EventCountry "ENG"]

1. d4 Nf6 2. c4 e6 3. Nf3 b6 4. g3 Ba6 5. Qa4 Bb7 6. Bg2 c5 7. dxc5 bxc5 8. Nc3
Be7 9. O-O O-O 10. Rd1 Qb6 11. Bf4 Rd8 12. Rd2 d6 13. Rad1 Ne8 14. e4 Bc6 15.
Qc2 Qb7 16. Ne1 Nd7 17. h3 Rab8 18. g4 Nf8 19. Bg3 g5 20. e5 dxe5 21. Bxe5 Rxd2
22. Rxd2 Rc8 23. Bxc6 Rxc6 24. Ng2 Ng6 25. Bg3 Nf6 26. Ne4 Ra6 27. Nxf6+ Bxf6
28. b3 Bd4 29. Qd3 Qd7 30. Ne3 Nf4 31. Bxf4 gxf4 32. Nc2 Rxa2 33. Nxd4 Rxd2 34.
Qxd2 Qxd4 35. Qa5 Qd7 36. Qxc5 f3 37. Qe3 Qd1+ 38. Kh2 Qd6+ 39. Kg1 Qd1+ 40.
Kh2 Qd6+ 1/2-1/2

[Event "2015 British Chess Championships: Championship"]
[Site "University of Warwick, Coventry, Warwickshire"]
[Date "2015.08.01"]
[Round "6"]
[Board "28"]
[White "Jarmany, John"]
[Black "Shaw, Peter"]
[Result "1/2-1/2"]
[WhiteElo "2036"]
[BlackElo "2146"]
[PlyCount "51"]
[EventDate "2015.07.27"]
[EventRounds "11"]
[EventCountry "ENG"]

1. d4 d5 2. c4 e6 3. Nc3 Nf6 4. cxd5 exd5 5. Bg5 c6 6. e3 Be7 7. Bd3 Nbd7 8.
Qc2 Nh5 9. Bxe7 Qxe7 10. Nf3 g6 11. O-O O-O 12. Rab1 a5 13. a3 Nb6 14. Rfc1 Ng7
15. Qb3 Qd8 16. Ne5 Bf5 17. Ne2 f6 18. Nf3 Bxd3 19. Qxd3 Nf5 20. Nf4 Re8 21.
Nd2 Nd6 22. Re1 Kg7 23. Qe2 Qd7 24. Nd3 Re7 25. Nc5 Qf5 26. Qd3 1/2-1/2

[Event "2015 British Chess Championships: Championship"]
[Site "University of Warwick, Coventry, Warwickshire"]
[Date "2015.08.01"]
[Round "6"]
[Board "29"]
[White "Shepherd, Katherine M"]
[Black "Pleasants, Allan J"]
[Result "1/2-1/2"]
[WhiteElo "1864"]
[BlackElo "2120"]
[PlyCount "95"]
[EventDate "2015.07.27"]
[EventRounds "11"]
[EventCountry "ENG"]

1. d4 g6 2. Nf3 Bg7 3. Nc3 d6 4. e4 a6 5. Be3 Bg4 6. h3 Bxf3 7. gxf3 e6 8. Qd2
d5 9. Bd3 Nc6 10. Ne2 Qd7 11. b4 Nge7 12. b5 axb5 13. Bxb5 h6 14. O-O Kf8 15.
Kg2 Kg8 16. Rfb1 Kh7 17. c4 Rhf8 18. h4 Rad8 19. Ba4 dxe4 20. fxe4 e5 21. d5
Qg4+ 22. Ng3 Nd4 23. Bxd4 exd4 24. Rxb7 Be5 25. Qd1 Qxh4 26. Qh1 Qg5 27. Qh3 f5
28. Kf1 Qd2 29. Rd1 Qxa2 30. Bb3 Qa6 31. Rb5 c6 32. dxc6 Nxc6 33. exf5 Qc8 34.
fxg6+ Kxg6 35. Qh5+ Kg7 36. Rxe5 Nxe5 37. Qxe5+ Kh7 38. Rxd4 Rxd4 39. Qxd4 Qb8
40. Bc2+ Kg8 41. Qe4 Qa7 42. Qg6+ Kh8 43. Qxh6+ Kg8 44. Qg5+ Kh8 45. c5 Qa1+
46. Kg2 Rxf2+ 47. Kxf2 Qf1+ 48. Kxf1 1/2-1/2

[Event "2015 British Chess Championships: Championship"]
[Site "University of Warwick, Coventry, Warwickshire"]
[Date "2015.08.01"]
[Round "6"]
[Board "30"]
[White "Evans, Nicholas Thomas"]
[Black "Jones, William E G"]
[Result "1/2-1/2"]
[WhiteElo "1923"]
[BlackElo "2115"]
[PlyCount "166"]
[EventDate "2015.07.27"]
[EventRounds "11"]
[EventCountry "ENG"]

1. d4 Nf6 2. c4 g6 3. Nf3 Bg7 4. g3 O-O 5. Bg2 d6 6. O-O Nc6 7. Nc3 a6 8. h3
Bd7 9. e4 e5 10. d5 Ne7 11. Be3 Nh5 12. Nh4 Qe8 13. Kh2 f5 14. exf5 Nxf5 15.
Nxf5 gxf5 16. f4 Qg6 17. Ne2 Rae8 18. Qd2 Rf7 19. Rae1 Rfe7 20. b4 Bh6 21. Bf3
exf4 22. Bxf4 Bxf4 23. gxf4 Rxe2+ 24. Rxe2 Rxe2+ 25. Qxe2 Qg3+ 26. Kh1 Qxh3+
27. Kg1 Ng3 28. Qg2 Qxg2+ 29. Kxg2 Nxf1 30. Kxf1 Ba4 31. Ke2 Bc2 32. Kd2 Bb1
33. a3 Kf7 34. Ke3 Kg6 35. Be2 Bc2 36. Kf2 a5 37. Ke3 axb4 38. axb4 Kf7 39. Kf2
b5 40. cxb5 Bb3 41. Bf3 Bc2 42. Ke3 Be4 43. Bh5+ Kg7 44. Kd4 Kf6 45. Be2 Ke7
46. b6 cxb6 47. b5 Bg2 48. Bc4 h5 49. Ke3 h4 50. Kf2 Be4 51. Kg1 Bf3 52. Kh2
Bg4 53. Kg2 Kf6 54. Kh2 Kg6 55. Kg2 Kh5 56. Kh2 Bf3 57. Kh3 Bg4+ 58. Kg2 h3+
59. Kg3 h2 60. Kxh2 Kh4 61. Kg2 Bd1 62. Kf2 Kg4 63. Ke3 Bc2 64. Be2+ Kg3 65.
Bc4 Bb1 66. Bb3 Kg2 67. Ke2 Be4 68. Bc4 Kg3 69. Ke3 Bc2 70. Ba2 Bd1 71. Bc4 Bg4
72. Bd3 Kg2 73. Bc4 Bh3 74. Be2 Kg1 75. Bd3 Bg4 76. Bc4 Kg2 77. Bd3 Kg3 78. Bc2
Bh3 79. Bd3 Kg4 80. Be2+ Kg3 81. Bd3 Bg4 82. Bc2 Kg2 83. Bd3 Kg3 1/2-1/2

[Event "2015 British Chess Championships: Championship"]
[Site "University of Warwick, Coventry, Warwickshire"]
[Date "2015.08.01"]
[Round "6"]
[Board "31"]
[White "Slade, Theodore"]
[Black "Hegarty, Sarah N"]
[Result "0-1"]
[WhiteElo "1962"]
[BlackElo "2075"]
[PlyCount "52"]
[EventDate "2015.07.27"]
[EventRounds "11"]
[EventCountry "ENG"]

1. e4 e5 2. Nf3 Nc6 3. Bb5 Bc5 4. Nxe5 Nxe5 5. d4 c6 6. Ba4 Bd6 7. dxe5 Bxe5 8.
O-O Nf6 9. Bb3 O-O 10. f4 Bc7 11. Nc3 Bb6+ 12. Kh1 d5 13. Qe1 dxe4 14. Nxe4 Bf5
15. Ng3 Re8 16. Qc3 Ng4 17. h3 Ne3 18. Nxf5 Nxf5 19. g4 Ne3 20. Rg1 Qh4 21. Kh2
Qf2+ 22. Kh1 Qf3+ 23. Kh2 Nf1+ 24. Rxf1 Re2+ 25. Rf2 Qxf2+ 26. Kh1 Qh2# 0-1

[Event "2015 British Chess Championships: Championship"]
[Site "University of Warwick, Coventry, Warwickshire"]
[Date "2015.08.01"]
[Round "6"]
[Board "32"]
[White "Peacock, Malcolm R"]
[Black "Ilett, Raymond J"]
[Result "1/2-1/2"]
[WhiteElo "2123"]
[BlackElo "1886"]
[PlyCount "60"]
[EventDate "2015.07.27"]
[EventRounds "11"]
[EventCountry "ENG"]

1. c4 Nf6 2. g3 c6 3. Bg2 d5 4. Nf3 Bf5 5. b3 e6 6. O-O Be7 7. d3 Nbd7 8. Bb2
O-O 9. Nbd2 h6 10. Rc1 a5 11. a3 Qb6 12. d4 Ne4 13. c5 Qc7 14. Ne5 Nexc5 15.
Nxc6 bxc6 16. dxc5 Nxc5 17. Bd4 Ne4 18. Nxe4 dxe4 19. Bc5 Rfd8 20. Qc2 Bxc5 21.
Qxc5 Rab8 22. b4 axb4 23. axb4 Rd5 24. Qxc6 Qxc6 25. Rxc6 Rdb5 26. h3 g5 27. g4
Bg6 28. Rfc1 Rxb4 29. e3 Kg7 30. Kh2 Rb2 1/2-1/2

[Event "2015 British Chess Championships: Championship"]
[Site "University of Warwick, Coventry, Warwickshire"]
[Date "2015.08.01"]
[Round "6"]
[Board "33"]
[White "Burnett, Jim"]
[Black "Page, Mark E"]
[Result "1/2-1/2"]
[WhiteElo "2091"]
[BlackElo "2096"]
[PlyCount "61"]
[EventDate "2015.07.27"]
[EventRounds "11"]
[EventCountry "ENG"]

1. d4 e6 2. Nf3 f5 3. g3 Nf6 4. Bg2 Be7 5. O-O O-O 6. c4 d6 7. Nc3 Ne4 8. Nxe4
fxe4 9. Nd2 d5 10. f3 Bf6 11. e3 exf3 12. Nxf3 Nc6 13. b3 dxc4 14. bxc4 e5 15.
d5 e4 16. Nd4 Nxd4 17. exd4 c5 18. Be3 b5 19. Rc1 cxd4 20. Bxd4 bxc4 21. Bxf6
Rxf6 22. Bxe4 Bh3 23. Bg2 Bxg2 24. Rxf6 Qxf6 25. Kxg2 Rc8 26. Qg4 Qb2+ 27. Kh3
Qxc1 28. Qxc8+ Kf7 29. Qe6+ Kf8 30. Qf5+ Ke8 31. Qe6+ 1/2-1/2

[Event "2015 British Chess Championships: Championship"]
[Site "University of Warwick, Coventry, Warwickshire"]
[Date "2015.08.01"]
[Round "6"]
[Board "34"]
[White "Wager, John D"]
[Black "Garnett, John S"]
[Result "1/2-1/2"]
[WhiteElo "2117"]
[BlackElo "1984"]
[PlyCount "63"]
[EventDate "2015.07.27"]
[EventRounds "11"]
[EventCountry "ENG"]

1. Nf3 Nf6 2. b3 d5 3. Bb2 c5 4. e3 Nc6 5. Bb5 Bd7 6. O-O e6 7. Be2 Bd6 8. d3
Qc7 9. c4 d4 10. exd4 Nxd4 11. h3 Nxf3+ 12. Bxf3 Bc6 13. Nc3 O-O 14. Ne4 Nxe4
15. Bxe4 Bxe4 16. dxe4 Rfd8 17. Qh5 Bf4 18. Rad1 b6 19. g3 Bd6 20. Rd3 Bf8 21.
Rfd1 Rxd3 22. Rxd3 Rd8 23. Qd1 Rxd3 24. Qxd3 Qd6 25. Qxd6 Bxd6 26. f4 f6 27.
Kf2 Kf7 28. Kf3 g6 29. g4 f5 30. h4 h5 31. g5 Ke8 32. a4 1/2-1/2

[Event "2015 British Chess Championships: Championship"]
[Site "University of Warwick, Coventry, Warwickshire"]
[Date "2015.08.01"]
[Round "6"]
[Board "35"]
[White "Willow, Jonah B"]
[Black "Menadue, Jeremy F S"]
[Result "1/2-1/2"]
[WhiteElo "1918"]
[BlackElo "2042"]
[PlyCount "124"]
[EventDate "2015.07.27"]
[EventRounds "11"]
[EventCountry "ENG"]

1. e4 Nf6 2. e5 Nd5 3. d4 d6 4. c4 Nb6 5. f4 dxe5 6. fxe5 Bf5 7. Nc3 e6 8. Nf3
Bb4 9. a3 Bxc3+ 10. bxc3 c5 11. Be2 Nc6 12. O-O cxd4 13. cxd4 O-O 14. Be3 Na5
15. Rc1 Rc8 16. Nd2 Bg6 17. Qe1 Qe7 18. Rf3 Rc7 19. h4 Rfc8 20. c5 Nd5 21. Bg5
Qf8 22. Rf1 h6 23. h5 Bh7 24. Bf4 Nc6 25. Qf2 Kh8 26. Nc4 Rd8 27. Nd6 Na5 28.
Bd2 Nb3 29. Nxf7+ Rxf7 30. Qxf7 Qxf7 31. Rxf7 Nxc1 32. Bxc1 Nc3 33. Bc4 Be4 34.
Be3 Nd1 35. Bf2 Re8 36. Rf4 Bc6 37. Kf1 Nb2 38. Bb3 Bb5+ 39. Kg1 a5 40. Rf7 Bc6
41. Be1 a4 42. Ba2 Kg8 43. Rc7 Kf8 44. Bd2 Rd8 45. Bxe6 Rxd4 46. Bc3 Rd1+ 47.
Kh2 Nd3 48. Rf7+ Ke8 49. Rxg7 Nxe5 50. Bxe5 Re1 51. Bf7+ Kf8 52. Bc3 Re7 53.
Rg6 Kxf7 54. Rxh6 Re3 55. Rh7+ Kg8 56. Rg7+ Kf8 57. Rg3 Re4 58. Rf3+ Kg8 59.
Rg3+ Kh7 60. Bf6 Kh6 61. Rg5 Rh4+ 62. Kg3 Rxh5 1/2-1/2

[Event "2015 British Chess Championships: Championship"]
[Site "University of Warwick, Coventry, Warwickshire"]
[Date "2015.08.01"]
[Round "6"]
[Board "36"]
[White "Lentzos, Ioanis"]
[Black "Zhu, Richard"]
[Result "0-1"]
[WhiteElo "2019"]
[BlackElo "1869"]
[PlyCount "84"]
[EventDate "2015.07.27"]
[EventRounds "11"]
[EventCountry "ENG"]

1. e4 e6 2. d3 d5 3. Qe2 Be7 4. Nf3 Nf6 5. g3 b6 6. Bg2 Bb7 7. e5 Nfd7 8. O-O
c5 9. c4 dxc4 10. dxc4 Nc6 11. Rd1 Qc7 12. Bf4 h6 13. h4 O-O-O 14. Nc3 a6 15.
h5 Kb8 16. Qe3 Ka7 17. b3 Qb8 18. Ne2 Qa8 19. Qc1 f6 20. Qe3 Ncxe5 21. Nxe5
fxe5 22. Bxb7 Qxb7 23. Rxd7 Rxd7 24. Bxe5 Rhd8 25. Nc3 Rd3 26. Qe4 Bf6 27. Bxf6
gxf6 28. Qxb7+ Kxb7 29. Ne2 e5 30. Kg2 Kc6 31. Rc1 b5 32. cxb5+ axb5 33. Nc3 f5
34. b4 R8d4 35. bxc5 Rc4 36. Ne2 Kxc5 37. Rf1 Rc2 38. Nc1 Rd5 39. Re1 Kc4 40.
Kf3 b4 41. Ke3 Rd4 42. f3 f4+ 0-1

[Event "2015 British Chess Championships: Championship"]
[Site "University of Warwick, Coventry, Warwickshire"]
[Date "2015.08.01"]
[Round "6"]
[Board "37"]
[White "Rice, Chris B"]
[Black "Brozel, Sacha"]
[Result "1/2-1/2"]
[WhiteElo "2015"]
[BlackElo "1976"]
[PlyCount "144"]
[EventDate "2015.07.27"]
[EventRounds "11"]
[EventCountry "ENG"]

1. c4 c5 2. g3 g6 3. Bg2 Bg7 4. Nc3 Nc6 5. Nf3 e6 6. a3 b6 7. d4 cxd4 8. Nb5 d5
9. cxd5 a6 10. dxc6 axb5 11. Bf4 Ra7 12. Rc1 Ne7 13. O-O Nd5 14. Bb8 Ra4 15.
Be5 Bxe5 16. Nxe5 Qd6 17. Nd3 O-O 18. Qb3 Ba6 19. Bxd5 exd5 20. Nb4 Qe7 21.
Nxa6 Rxa6 22. Qxb5 Raa8 23. Qxb6 Qxe2 24. Qxd4 Qb5 25. Rfd1 Rfe8 26. c7 Rac8
27. b4 Qd7 28. Kg2 Rxc7 29. Rxc7 Qxc7 30. Qxd5 Qa7 31. Qf3 Ra8 32. Rd3 Rc8 33.
Rc3 Rd8 34. Rd3 Rc8 35. Rd5 Re8 36. Ra5 Qb7 37. Rd5 Qc8 38. h4 Re1 39. Rd1 Re8
40. Qd5 Qc3 41. Qf3 Qc8 42. b5 Qc4 43. b6 Qb5 44. Qf6 Qa4 45. Rd3 Qa6 46. Rd8
Qb7+ 47. Kh2 Rxd8 48. Qxd8+ Kg7 49. Qd4+ Kh6 50. a4 Qc6 51. a5 g5 52. hxg5+
Kxg5 53. Qe3+ Kg4 54. Qf4+ Kh5 55. Qd4 Kg5 56. Qf4+ Kh5 57. Qxf7+ Kg4 58. Qg7+
Kf3 59. Qxh7 Kg4 60. Qh4+ Kf3 61. Qf4+ Ke2 62. Kh3 Kf1 63. Kg4 Qg6+ 64. Kf3
Qd3+ 65. Kg4 Qg6+ 66. Qg5 Qe4+ 67. f4 Kg2 68. Qe5 Qg6+ 69. Qg5 Qe4 70. Kh5 Qh7+
71. Qh6 Qf5+ 72. Qg5 Qh7+ 1/2-1/2

[Event "2015 British Chess Championships: Championship"]
[Site "University of Warwick, Coventry, Warwickshire"]
[Date "2015.08.03"]
[Round "7"]
[Board "1"]
[White "Howell, David W L"]
[Black "Pert, Nicholas"]
[Result "0-1"]
[WhiteElo "2698"]
[BlackElo "2562"]
[PlyCount "80"]
[EventDate "2015.07.27"]
[EventRounds "11"]
[EventCountry "ENG"]

1. Nf3 Nf6 2. c4 b6 3. g3 Bb7 4. d4 g6 5. Nc3 Bg7 6. d5 Na6 7. e4 Nc5 8. e5 Ng4
9. Bh3 Nxe5 10. Nxe5 Bxe5 11. Bh6 d6 12. O-O Bc8 13. Bg2 Bf5 14. Re1 Qd7 15.
Re3 Bh3 16. b4 Bxg2 17. Kxg2 Na6 18. Rb1 c5 19. dxc6 Qxc6+ 20. Kg1 Nc7 21. Qd3
Ne6 22. Nd5 Rc8 23. Rc1 g5 24. Ree1 Rg8 25. Qxh7 Rh8 26. Qe4 Rxh6 27. Qg4 Qd7
28. Rcd1 Rh8 29. Rxe5 dxe5 30. Nxb6 f5 31. Qf3 Qc6 32. Qxf5 axb6 33. Qg6+ Kf8
34. Qf5+ Kg8 35. Qg6+ Kf8 36. Qf5+ Kg7 37. Qxe5+ Kg8 38. c5 Rh6 39. a4 Qxa4 40.
Ra1 Qxb4 0-1

[Event "2015 British Chess Championships: Championship"]
[Site "University of Warwick, Coventry, Warwickshire"]
[Date "2015.08.03"]
[Round "7"]
[Board "2"]
[White "Flear, Glenn C"]
[Black "Gormally, Daniel W"]
[Result "1/2-1/2"]
[WhiteElo "2450"]
[BlackElo "2484"]
[PlyCount "73"]
[EventDate "2015.07.27"]
[EventRounds "11"]
[EventCountry "ENG"]

1. d4 Nf6 2. c4 g6 3. Nc3 Bg7 4. e4 d6 5. Be2 O-O 6. Bg5 c5 7. d5 a6 8. a4 h6
9. Be3 e6 10. h3 exd5 11. exd5 Re8 12. Qd2 Kh7 13. Bd3 Qa5 14. Nf3 b5 15. cxb5
axb5 16. Bxb5 Nbd7 17. O-O Ba6 18. Rfd1 Bxb5 19. Nxb5 Qxd2 20. Nxd2 Nxd5 21.
Nc4 Nxe3 22. fxe3 Reb8 23. Nbxd6 Nb6 24. a5 Nxc4 25. Nxc4 Rb4 26. Rac1 Bxb2 27.
Nxb2 Rxb2 28. Rd7 Rxa5 29. Rf1 g5 30. Rdxf7+ Kg8 31. Rf8+ Kg7 32. R1f7+ Kg6 33.
Rf6+ Kg7 34. R8f7+ Kg8 35. Rf8+ Kg7 36. R8f7+ Kg8 37. Rf8+ 1/2-1/2

[Event "2015 British Chess Championships: Championship"]
[Site "University of Warwick, Coventry, Warwickshire"]
[Date "2015.08.03"]
[Round "7"]
[Board "3"]
[White "Hawkins, Jonathan"]
[Black "Hill, Alistair"]
[Result "1-0"]
[WhiteElo "2554"]
[BlackElo "2159"]
[PlyCount "41"]
[EventDate "2015.07.27"]
[EventRounds "11"]
[EventCountry "ENG"]

1. d4 Nf6 2. c4 g6 3. Nc3 d5 4. Nf3 Bg7 5. h4 c6 6. Bg5 dxc4 7. e4 b5 8. e5 Nd5
9. h5 Bg4 10. h6 Bf8 11. Be2 Nd7 12. Nd2 Be6 13. Bg4 Bxg4 14. Qxg4 f6 15. Qe6
Qb6 16. exf6 N5xf6 17. Bxf6 Nxf6 18. Nde4 Nxe4 19. Nxe4 Kd8 20. Nc5 Qc7 21. d5
 1-0

[Event "2015 British Chess Championships: Championship"]
[Site "University of Warwick, Coventry, Warwickshire"]
[Date "2015.08.03"]
[Round "7"]
[Board "4"]
[White "Pert, Richard G"]
[Black "Arkell, Keith C"]
[Result "1/2-1/2"]
[WhiteElo "2440"]
[BlackElo "2502"]
[PlyCount "47"]
[EventDate "2015.07.27"]
[EventRounds "11"]
[EventCountry "ENG"]

1. e4 e6 2. d4 d5 3. Nd2 dxe4 4. Nxe4 Bd7 5. Nf3 Bc6 6. Bd3 Nd7 7. O-O Ngf6 8.
Ng3 Be7 9. Re1 Bxf3 10. Qxf3 c6 11. c3 O-O 12. Bf4 Re8 13. Rad1 g6 14. Bb1 Nd5
15. Bd2 Bg5 16. Bxg5 Qxg5 17. Ne4 Qe7 18. Qg3 N7f6 19. Nxf6+ Nxf6 20. h3 Rad8
21. Bd3 Rd6 22. Be2 Red8 23. Bf3 R8d7 24. Qe5 1/2-1/2